<?xml version="1.0" encoding="UTF-8"?><?xml-stylesheet type="text/xsl" href="static/style.xsl"?><OAI-PMH xmlns="http://www.openarchives.org/OAI/2.0/" xmlns:xsi="http://www.w3.org/2001/XMLSchema-instance" xsi:schemaLocation="http://www.openarchives.org/OAI/2.0/ http://www.openarchives.org/OAI/2.0/OAI-PMH.xsd"><responseDate>2026-04-18T06:52:50Z</responseDate><request verb="GetRecord" identifier="oai:www.recercat.cat:2072/445189" metadataPrefix="marc">https://recercat.cat/oai/request</request><GetRecord><record><header><identifier>oai:recercat.cat:2072/445189</identifier><datestamp>2024-10-31T05:48:42Z</datestamp><setSpec>com_2072_98</setSpec><setSpec>col_2072_378192</setSpec></header><metadata><record xmlns="http://www.loc.gov/MARC21/slim" xmlns:dcterms="http://purl.org/dc/terms/" xmlns:xsi="http://www.w3.org/2001/XMLSchema-instance" xmlns:doc="http://www.lyncode.com/xoai" xsi:schemaLocation="http://www.loc.gov/MARC21/slim http://www.loc.gov/standards/marcxml/schema/MARC21slim.xsd">
   <leader>00925njm 22002777a 4500</leader>
   <datafield ind2=" " ind1=" " tag="042">
      <subfield code="a">dc</subfield>
   </datafield>
   <datafield ind2=" " ind1=" " tag="720">
      <subfield code="a">Navas i Ferrer, Teresa</subfield>
      <subfield code="e">author</subfield>
   </datafield>
   <datafield ind2=" " ind1=" " tag="260">
      <subfield code="c">2014</subfield>
   </datafield>
   <datafield ind2=" " ind1=" " tag="520">
      <subfield code="a">Altres ajuts: CSO2013-42513-P</subfield>
   </datafield>
   <datafield ind2=" " ind1=" " tag="520">
      <subfield code="a">La producción iconográfica de las ciudades constituye una documentación imprescindible para los estudios de historia urbana pero, a la vez, son elementos con un gran valor interpretativo de los procesos de control urbanístico y, por tanto, de las estrategias de intervención asociadas a intereses de tipo económico, social y cultural. Estas producciones, en forma de vistas y cartografía urbana, son todavía más apreciables cuando son el resultado de la correlación entre los momentos álgidos de la planificación urbanística, el desarrollo urbano real y la creación de un relato de apropiación de la ciudad. La representación iconográfica posee una capacidad comunicativa más efectiva que la derivada del planeamiento, por lo que elabora una construcción simbólica de una realidad urbana con fuerte persistencia en el imaginario cultural. El caso de la ciudad de Barcelona y la cartografía turística de principios de siglo XX es un ejemplo intenso e interesante de esta relación.</subfield>
   </datafield>
   <datafield tag="653" ind2=" " ind1=" ">
      <subfield code="a">Iconografía urbana</subfield>
   </datafield>
   <datafield tag="653" ind2=" " ind1=" ">
      <subfield code="a">Plano monumental</subfield>
   </datafield>
   <datafield tag="653" ind2=" " ind1=" ">
      <subfield code="a">Planeamiento urbanístico</subfield>
   </datafield>
   <datafield tag="653" ind2=" " ind1=" ">
      <subfield code="a">Turismo</subfield>
   </datafield>
   <datafield ind2="0" ind1="0" tag="245">
      <subfield code="a">La construcción simbólica de una capital. Planeamiento, imagen turística y desarrollo urbano en Barcelona a principios de siglo XX</subfield>
   </datafield>
</record></metadata></record></GetRecord></OAI-PMH>